| 000 | 00501cam a2200205ua 4500 | ||
|---|---|---|---|
| 001 | 7776 | ||
| 008 | 141223n ii |||gr||||Z||||||ben | ||
| 020 | _a8172155417 | ||
| 040 | _cMAIN | ||
| 041 | _aben | ||
| 082 | _a891.443 | ||
| 100 |
_aBhattacharya, S., _eAuthor. |
||
| 245 | 1 |
_aKacher manus _cBy Suchita Bhattacharya |
|
| 250 | _a1st. | ||
| 260 |
_aCalcutta: _bAnanda, _c2011. |
||
| 300 | _a645p. | ||
| 653 | _aEast Indo-European & Celtic literatures | ||
| 653 | _aBengali novels | ||
| 942 | _cBK | ||
| 999 |
_c6897 _d6897 |
||